Punishment and the prison : (Record no. 60051)
[ view plain ]
| 000 -LEADER | |
|---|---|
| fixed length control field | 03016nam a2200361 a 4500 |
| 001 - CONTROL NUMBER | |
| control field | 60051 |
| 003 - CONTROL NUMBER IDENTIFIER | |
| rucl marc code | BD-RjUL |
| 005 - DATE AND TIME OF LATEST TRANSACTION | |
| control field | 20211209080811.0 |
| 008 - FIXED-LENGTH DATA ELEMENTS--GENERAL INFORMATION | |
| fixed length control field | 161228s2000 enka 001 0 eng d |
| 020 ## - INTERNATIONAL STANDARD BOOK NUMBER | |
| International Standard Book Number | 0761993584 |
| Terms of availability | No price |
| International Standard Book Number | 8170368251 (India) |
| 035 ## - SYSTEM CONTROL NUMBER | |
| System control number | BD-RjUL60175 |
| System control number | 389976 |
| 040 ## - CATALOGING SOURCE | |
| Original cataloging agency | DLC |
| Language of cataloging | eng |
| Transcribing agency | DLC |
| Modifying agency | Uk |
| -- | DLC |
| -- | ANL |
| 041 ## - LANGUAGE CODE | |
| Language code of text/sound track or separate title | eng |
| 082 0# - DEWEY DECIMAL CLASSIFICATION NUMBER | |
| Classification number | 365 |
| Edition number | 21 |
| Author mark and year | PUN 2000 |
| 245 00 - TITLE STATEMENT | |
| Title | Punishment and the prison : |
| Remainder of title | Indian and international perspectives / |
| Statement of responsibility, etc. | editor, Rani Dhavan Shankardass. |
| 260 ## - PUBLICATION, DISTRIBUTION, ETC. (IMPRINT) | |
| Place of publication, distribution, etc. | New Delhi ; |
| -- | London : |
| Name of publisher, distributor, etc. | Sage Publications, |
| Date of publication, distribution, etc. | 2000. |
| 300 ## - PHYSICAL DESCRIPTION | |
| Pagination | 497 p. : |
| Illustrations | ill. ; |
| Size | 23 cm. |
| 504 ## - BIBLIOGRAPHY, ETC. NOTE | |
| Bibliography, etc | Includes bibliographical references and index. |
| 505 00 - FORMATTED CONTENTS NOTE | |
| Formatted contents note | Machine derived contents note: Foreword - M N Venkatachaliah -- Introduction - Rani Dhavan Shankardass -- The Problems and Paradoxes of Punishment -- Part One: Description And Prescription -- Justice in Prison - V R Krishna Iyer -- Remedial Jurisprudence and Versatile Criminology -- Prisons in a Modern Society - Andrew Coyle -- Reality and Reform in Tihar Central Jail - Sarita Sarangi -- Prison Administration in India - Hira Singh -- Contemporary Issues -- Punishment in Unequal Justice - Alvin J Bronstein -- America's Prison Industry -- The Proper Use of Imprisonment - Rod Morgan -- Prison as Seen by an English Judge - Henry Brooke -- Sentencing - Rajindar Sachar -- Choices and Dilemmas for a Judge -- The Problem of Undertrials - I - Pushpa Kapila Hingorani -- Hussainara Khatoon and Public Interest Litigation -- The Problem of Undertrials - II - Mukul Mudgal -- Kadriya Pahadiya and Juvenile Justice -- Police, Crime and Punishment - Vijay Karan and Ved Marwah -- Indian Predicaments -- Exploring Non-Custodial Punishments - Paddington Garwe and Andrew Msengezi -- Zimbabwe's Community Service Scheme -- Part Two: Discourse And Analysis -- Kill Them for Their Bad Verses - Rajeev Dhavan -- On Criminal Law and Punishment in India -- Bringing Judas to the Last Supper? The Tasks of Republican Criminology in Service of Globalization - Upendra Baxi -- Political Prisoners and the Prison System - Ujjwal Kumar Singh -- Colonial Purposes and Praxiological Problems -- Women, Crime and Jail Justice - Rani Dhavan Shankardass -- Theoretical Formulations and Indian Realities -- Alternatives to Prisons - Vivien Stern -- Reflections and Experiences -- Conclusion - Rani Dhavan Shankardass -- The Punishment of Crime or the Crime of Punishment. |
| 650 #0 - SUBJECT ADDED ENTRY--TOPICAL TERM | |
| Topical term or geographic name as entry element | Prisons |
| Geographic subdivision | India. |
| 9 (RLIN) | 178704 |
| Topical term or geographic name as entry element | Prisons. |
| 9 (RLIN) | 178705 |
| Topical term or geographic name as entry element | Prison administration |
| Geographic subdivision | India. |
| 9 (RLIN) | 178706 |
| Topical term or geographic name as entry element | Prison administration. |
| 9 (RLIN) | 178707 |
| Topical term or geographic name as entry element | Punishment |
| Geographic subdivision | India. |
| 9 (RLIN) | 178708 |
| Topical term or geographic name as entry element | Punishment. |
| 9 (RLIN) | 178709 |
| 700 1# - ADDED ENTRY--PERSONAL NAME | |
| Personal name | Shankardass, Rani Dhavan. |
| 856 42 - ELECTRONIC LOCATION AND ACCESS | |
| Materials specified | Publisher description |
| Uniform Resource Identifier | <a href="http://www.loc.gov/catdir/enhancements/fy0657/99023262-d.html">http://www.loc.gov/catdir/enhancements/fy0657/99023262-d.html</a> |
| Materials specified | Table of contents only |
| Uniform Resource Identifier | <a href="http://www.loc.gov/catdir/enhancements/fy0657/99023262-t.html">http://www.loc.gov/catdir/enhancements/fy0657/99023262-t.html</a> |
| 942 ## - ADDED ENTRY ELEMENTS (KOHA) | |
| Source of classification or shelving scheme | Dewey Decimal Classification |
| Koha item type | Books |
| Lost status | Source of classification or shelving scheme | Damaged status | Not for loan | Collection code | Permanent Location | Current Location | Shelving location | Date acquired | Source of acquisition | Cost, normal purchase price | Total Checkouts | Full call number | Date last seen | Copy number | Koha item type |
|---|---|---|---|---|---|---|---|---|---|---|---|---|---|---|---|
| Dewey Decimal Classification | Not For Loan | Non-fiction | Central Library, University of Rajshahi | Central Library, University of Rajshahi | Reading Room | 18/05/2006 | Paragon Enterprises Dhaka | 150.00 | 365 PUN 2000 | 28/12/2016 | C-1 | Books |